| 000 | 00448nam a2200157Ia 4500 | ||
|---|---|---|---|
| 008 | 230312s9999||||xx |||||||||||||| ||und|| | ||
| 020 | _a81-318-0081-4 | ||
| 082 |
_a621.3827 _bSAR-P |
||
| 100 | _aSaraswathi,N.Bala | ||
| 245 | 0 | _aPrinciplesof Optical Communications and Opto-Electronics | |
| 260 |
_bLaxmi Publications _aIndia _c2007 |
||
| 300 | _a287 | ||
| 546 | _aEng. | ||
| 650 |
_aEngineering _vOptical Processes in Semiconductors |
||
| 942 | _cBK | ||
| 999 |
_c1448 _d1448 |
||